Disney Characters by Proportion of Screen Time - Statistics

General Stats
  • This quiz has been taken 77 times
    73 since last reset
  • The average score is 10 of 30
Answer Stats
Screen Time % Answer % Correct
51.75 Anna
77%
51.75 Frozen
77%
62.09 Moana
64%
62.09 Moana
64%
56.60 Rapunzel
59%
56.60 Tangled
57%
51.93 Tarzan
41%
51.93 Tarzan
41%
59.80 Encanto
33%
63.57 Zootopia
28%
50.82 Alice
26%
63.57 Judy Hopps
26%
59.80 Mirabel Madrigal
26%
52.38 Ralph
26%
50.82 Alice in Wonderland
25%
50.91 Bambi
25%
50.91 Bambi
25%
51.03 Raya
25%
51.03 Raya and the Last Dragon
25%
52.74 Atlantis: The Lost Empire
23%
53.02 Bolt
23%
53.02 Bolt
23%
52.38 Ralph Breaks the Internet
23%
61.79 Big Hero 6
20%
52.40 Brother Bear
18%
61.79 Hiro Hamada
16%
50.45 Treasure Planet
16%
52.74 Milo Thatch
15%
50.45 Jim Hawkins
10%
52.40 Kenai
7%
No matching quizzes found
Score Distribution
Percent of People with Each Score
Percentile by Number Answered
Your Score History
You have not taken this quiz since the last reset